00516nam a2200205 a 4500001001300000003000900013005001700022008004100039020001000080082001800090100002200108245003000130260003900160300000800199500003500207505001000242650001800252650001800270700002200288nice12345678IN_TiNIC20260116011848.0050524s1938 boma grp 000 0 eng  ac10000a306.0954bABD aAbdul, Latif Syed aCultural Feature of India aBombaybTimes of India Pressc1938 a18p aincludes index and biblioraphy2 aindex aIndia-Culture aCulture-India1 aAbdul, Latif Syed